[Event "28th WSCC2018 - Open 65+"]
[Site "Bled"]
[Date "2018.11.28"]
[Round "10.66"]
[White "Ramusch, Arnulf"]
[Black "Tavcar, Rado"]
[Result "0-1"]
[WhiteElo "1954"]
[BlackElo "1847"]
[Annotator "uporabnik"]
[PlyCount "64"]
[EventDate "2018.11.18"]

1. d4 c5 2. d5 e5 3. c4 d6 4. Nc3 f5 5. e4 Nf6 6. exf5 Bxf5 7. Nge2 Be7 8. Ng3
Bg6 9. Bd3 Bxd3 10. Qxd3 Na6 11. O-O O-O 12. f4 Nd7 13. Nge4 Nc7 14. a4 Qe8 15.
Qh3 Rd8 16. f5 a6 17. Bd2 Nf6 18. Ng5 h6 19. Nge4 Nh7 20. Qg4 Kh8 21. h4 Qf7
22. Rf2 Ne8 23. Qh3 Qh5 24. g3 Nhf6 25. Qg2 Ng4 26. Rff1 Rxf5 27. Rxf5 Qxf5 28.
Rf1 Qg6 29. Qf3 Nef6 30. Qf5 Qxf5 31. Rxf5 Kg8 32. Nxf6+ Nxf6 {....} 0-1

[Event "28th WSCC2018 - Open 65+"]
[Site "Bled"]
[Date "2018.11.28"]
[Round "10.67"]
[White "Patola, Eero"]
[Black "Marshall, Michael"]
[Result "1-0"]
[WhiteElo "1838"]
[BlackElo "1916"]
[PlyCount "73"]
[EventDate "2018.11.18"]

1. e4 c5 2. c4 Nc6 3. Nc3 g6 4. g3 Bg7 5. Bg2 Rb8 6. Nge2 a6 7. a4 d6 8. d3 Nf6
9. O-O O-O 10. h3 e5 11. f4 exf4 12. gxf4 Bd7 13. Ng3 Ne8 14. f5 Ne5 15. Nd5
Bc6 16. Rb1 b5 17. axb5 axb5 18. b3 bxc4 19. dxc4 Bxd5 20. cxd5 Qb6 21. Be3 Qb4
22. Kh2 Nc7 23. f6 Bh8 24. Bg5 Nb5 25. Qc1 Nd4 26. Bd2 Qb5 27. Bc3 Nxb3 28. Qg5
Qd3 29. Bxe5 dxe5 30. Nf5 Bxf6 31. Qxf6 gxf5 32. Rxf5 h6 33. Qxh6 Rb6 34. Qxb6
Kh7 35. Rh5+ Kg8 36. Rxb3 Qd2 37. Rg3+ 1-0

[Event "28th WSCC2018 - Open 65+"]
[Site "Bled"]
[Date "2018.11.28"]
[Round "10.68"]
[White "Gibbons, Robert"]
[Black "Bjorgvik, Jan Arne"]
[Result "1/2-1/2"]
[WhiteElo "1914"]
[BlackElo "1777"]
[PlyCount "110"]
[EventDate "2018.11.18"]

1. d4 d5 2. c4 e6 3. Nc3 Nf6 4. Bg5 Be7 5. cxd5 exd5 6. Nf3 c6 7. Qc2 h6 8. Bh4
b6 9. e3 Bb7 10. Be2 O-O 11. O-O Nbd7 12. Rfd1 Rc8 13. Rac1 c5 14. dxc5 Nxc5
15. Nd4 Nce4 16. Qd3 Nc5 17. Qb1 Nfe4 18. Bxe7 Qxe7 19. Nf5 Qg5 20. Nxe4 Nxe4
21. Nd4 Qf6 22. Bf3 Rxc1 23. Rxc1 Nd2 24. Qc2 Nxf3+ 25. Nxf3 Rc8 26. Qd2 Rc5
27. Nd4 Qd6 28. h3 Ba6 29. a3 Rxc1+ 30. Qxc1 Qc5 31. Qd2 Qc4 32. Kh2 g6 33. Kg3
Kg7 34. b3 Qc7+ 35. Kf3 Qe5 36. Qc3 Kh7 37. Qc1 h5 38. h4 Qe4+ 39. Kg3 Qg4+ 40.
Kh2 Qxh4+ 41. Kg1 Qe7 42. b4 Bc4 43. Qd1 Qe4 44. Qa4 a6 45. Qc6 Kg7 46. Qd6 a5
47. bxa5 bxa5 48. Qc7 a4 49. Qd6 Bb3 50. Kh2 Qh4+ 51. Kg1 Qf6 52. Qc7 h4 53.
Qd7 Qe5 54. Qc8 Qe4 55. Qc7 Qe8 1/2-1/2

[Event "28th WSCC2018 - Open 65+"]
[Site "Bled"]
[Date "2018.11.28"]
[Round "10.69"]
[White "Pressl, Harald"]
[Black "Florjancic, Rudolf"]
[Result "0-1"]
[WhiteElo "1892"]
[BlackElo "1761"]
[Annotator "uporabnik"]
[PlyCount "47"]
[EventDate "2018.11.18"]

1. c4 Nf6 2. g3 g6 3. Bg2 Bg7 4. Nc3 c5 5. e4 Nc6 6. Nge2 O-O 7. O-O d6 8. d3
a6 9. a4 Bg4 10. h3 Bd7 11. Be3 Nb4 12. Na2 e5 13. d4 Qc7 14. dxc5 dxc5 15.
Nxb4 cxb4 16. Ra2 Rfd8 17. Qc2 Ra7 18. b3 b6 19. Rd1 Be8 20. Qc1 Qb8 21. Rad2
Rxd2 22. Rxd2 Rd7 23. Rxd7 Nxd7 24. Qd2 {...56} 0-1

[Event "28th WSCC2018 - Open 65+"]
[Site "Bled"]
[Date "2018.11.28"]
[Round "10.70"]
[White "Thjomoe, Hans Richard"]
[Black "Brouwer, Willem"]
[Result "1/2-1/2"]
[WhiteElo "1874"]
[BlackElo "1608"]
[PlyCount "120"]
[EventDate "2018.11.18"]

1. e4 e5 2. Nf3 Nc6 3. Bb5 a6 4. Ba4 Nf6 5. d3 b5 6. Bb3 Be7 7. O-O d6 8. c3
O-O 9. h3 Na5 10. Bc2 c5 11. d4 cxd4 12. cxd4 exd4 13. Nxd4 Re8 14. Nc3 Bb7 15.
Nf5 h6 16. Bf4 Nc4 17. Qc1 Bf8 18. f3 Qb6+ 19. Kh1 d5 20. exd5 Nxd5 21. Ne4
Nxf4 22. Qxf4 Nxb2 23. Rae1 Nc4 24. Nxh6+ Qxh6 25. Qxh6 gxh6 26. Nf6+ Kh8 27.
Rxe8 Rxe8 28. Nxe8 Bb4 29. Be4 Nd2 30. Rf2 Nxe4 31. fxe4 Kg8 32. Nf6+ Kg7 33.
Nd5 Bd6 34. Rf3 b4 35. Nxb4 Bxb4 36. Rb3 a5 37. a3 Bxe4 38. axb4 axb4 39. Rxb4
Bd5 40. Kg1 Kg6 41. Kf2 h5 42. g3 Be6 43. h4 Kf6 44. Kf3 Kg6 45. Kf4 Bg4 46.
Ke5 f6+ 47. Kd6 Kf7 48. Rb7+ Kf8 49. Rc7 Bh3 50. Kd5 Bg4 51. Ke4 Bh3 52. Kf4
Bg4 53. Ke3 Bh3 54. Rc4 Kf7 55. Kf3 Be6 56. Rf4 Kg6 57. Ke3 Bh3 58. Ke4 Kf7 59.
Kd5 Be6+ 60. Kd6 Bh3 1/2-1/2

[Event "28th WSCC2018 - Open 65+"]
[Site "Bled"]
[Date "2018.11.28"]
[Round "10.72"]
[White "Cokan, Mirko"]
[Black "Koskinen, Veikko"]
[Result "1-0"]
[WhiteElo "1677"]
[BlackElo "1978"]
[PlyCount "43"]
[EventDate "2018.11.18"]

1. d4 f5 2. Nf3 Nf6 3. Nc3 e6 4. a3 Be7 5. Bf4 O-O 6. e3 d6 7. Bc4 Nh5 8. h4
Nxf4 9. exf4 d5 10. Bb3 c5 11. dxc5 Bxc5 12. Qe2 Qf6 13. O-O-O Nc6 14. Qd2 Kh8
15. Kb1 a6 16. Rhe1 Ba7 17. g3 b5 18. Nxd5 exd5 19. Bxd5 Rb8 20. Ng5 Nd8 21.
Qb4 g6 22. Re7 1-0

[Event "28th WSCC2018 - Open 65+"]
[Site "Bled"]
[Date "2018.11.28"]
[Round "10.73"]
[White "Nielsen, Peter"]
[Black "Mckerracher, Douglas"]
[Result "1/2-1/2"]
[WhiteElo "1687"]
[BlackElo "1878"]
[PlyCount "94"]
[EventDate "2018.11.18"]

1. d4 f5 2. e4 fxe4 3. Nc3 Nf6 4. Bg5 Nc6 5. d5 Ne5 6. Qe2 c6 7. f4 Nf7 8. Bxf6
exf6 9. Qxe4+ Qe7 10. Qxe7+ Bxe7 11. O-O-O d6 12. Bc4 a6 13. dxc6 bxc6 14. Nf3
d5 15. Bb3 Bd7 16. Rhe1 Ra7 17. Na4 Nd6 18. Nc5 Bg4 19. Ba4 Nb5 20. h3 Bxf3 21.
gxf3 Kf7 22. Ne6 Re8 23. f5 g6 24. fxg6+ hxg6 25. Nd4 Rc7 26. Bb3 Nxd4 27. Rxd4
Bc5 28. Rxe8 Kxe8 29. Ra4 Ra7 30. Kd2 Kd7 31. c3 a5 32. Bc2 g5 33. b4 Bb6 34.
bxa5 Bxa5 35. Kd3 c5 36. c4 d4 37. Ke4 Ke6 38. f4 gxf4 39. Kxf4 Bd2+ 40. Ke4
Rxa4 41. Bxa4 f5+ 42. Kd3 Be1 43. Bd1 Ke5 44. a4 Kf4 45. Ke2 Ba5 46. Kf2 Kg5
47. Kf3 Bc7 1/2-1/2

[Event "28th WSCC2018 - Open 65+"]
[Site "Bled"]
[Date "2018.11.28"]
[Round "10.74"]
[White "Ilic, Slobodan S"]
[Black "Webster, Jim J"]
[Result "1-0"]
[WhiteElo "2026"]
[BlackElo "1730"]
[PlyCount "63"]
[EventDate "2018.11.18"]

1. c4 c5 2. Nc3 Nc6 3. Nf3 g6 4. g3 Bg7 5. Bg2 Nf6 6. O-O O-O 7. d4 cxd4 8.
Nxd4 a6 9. h3 Nxd4 10. Qxd4 d6 11. Rd1 Nd7 12. Qd2 Rb8 13. b3 b6 14. Bb2 Bb7
15. e4 Rc8 16. Re1 Qc7 17. Rac1 Rfe8 18. h4 Rcd8 19. Bh3 Ne5 20. Bg2 Ng4 21.
Qe2 Nf6 22. Nd5 Bxd5 23. cxd5 Qb7 24. Bh3 e6 25. dxe6 fxe6 26. Qc2 Re7 27. Ba3
Ne8 28. Qc6 Qb8 29. e5 Rc7 30. Bxe6+ Kh8 31. Qf3 Bxe5 32. Qf8# 1-0

[Event "28th WSCC2018 - Open 65+"]
[Site "Bled"]
[Date "2018.11.28"]
[Round "10.75"]
[White "Shaw, Robin A"]
[Black "El Gheiadi, I."]
[Result "0-1"]
[WhiteElo "1673"]
[BlackElo "1831"]
[PlyCount "98"]
[EventDate "2018.11.18"]

1. e4 c5 2. d4 cxd4 3. c3 dxc3 4. Nf3 d6 5. Bc4 e6 6. Nxc3 Qc7 7. Qe2 Bd7 8.
O-O Be7 9. Bf4 a6 10. Rac1 Nc6 11. Rfd1 Nf6 12. e5 dxe5 13. Nxe5 Nxe5 14. Bxe5
Qa5 15. Bd6 Bxd6 16. Rxd6 O-O 17. Rcd1 Bc6 18. Qd2 Qc5 19. Be2 Rac8 20. Rd4 Qb6
21. h3 h6 22. a3 Qc7 23. Bd3 e5 24. Rc4 b5 25. Rh4 Rfd8 26. Qe2 Qe7 27. Bf5
Rxd1+ 28. Nxd1 Rd8 29. Ne3 Rd4 30. Ng4 Nxg4 31. Rxg4 Rxg4 32. Qxg4 Qg5 33. Qxg5
hxg5 34. f3 g6 35. Bd3 Kg7 36. Kf2 Kf6 37. Ke3 Ke6 38. Be4 Bd5 39. g4 f5 40.
Bxd5+ Kxd5 41. b3 a5 42. Kd3 f4 43. b4 a4 44. Kd2 Kd4 45. Ke2 Kc3 46. Kd1 Kb3
47. Kd2 Kxa3 48. Kc3 Ka2 49. Kd3 Kb3 0-1

[Event "28th WSCC2018 - Open 65+"]
[Site "Bled"]
[Date "2018.11.28"]
[Round "10.76"]
[White "Rubinstein, Mark"]
[Black "Degtiarev, Viktor"]
[Result "1-0"]
[WhiteElo "1831"]
[BlackElo "1676"]
[PlyCount "75"]
[EventDate "2018.11.18"]

1. d4 c5 2. d5 Nf6 3. c4 e6 4. Nc3 exd5 5. cxd5 d6 6. e4 g6 7. f3 Bg7 8. g4 a6
9. a4 O-O 10. Be3 Re8 11. Nge2 Nbd7 12. Ng3 h6 13. Qd2 Kh7 14. Be2 Ne5 15. h3
Ng8 16. f4 Nd7 17. O-O-O Rb8 18. h4 Qc7 19. h5 Ndf6 20. hxg6+ fxg6 21. f5 Bf8
22. g5 Nd7 23. fxg6+ Kh8 24. gxh6 Be7 25. Nf5 Ne5 26. h7 Bxf5 27. hxg8=Q+ Kxg8
28. exf5 Bf6 29. Ne4 Ng4 30. Nxf6+ Nxf6 31. Qc3 Qg7 32. Bh6 Qe7 33. Bg5 Rf8 34.
Rh7 Qe5 35. Qxe5 dxe5 36. Bxf6 Rxf6 37. Rdh1 Rff8 38. f6 1-0

[Event "28th WSCC2018 - Open 65+"]
[Site "Bled"]
[Date "2018.11.28"]
[Round "10.77"]
[White "Ciuro Munoz, Ricardo"]
[Black "Zilbershtein, Victor"]
[Result "1-0"]
[WhiteElo "2014"]
[BlackElo "1717"]
[PlyCount "83"]
[EventDate "2018.11.18"]

1. Nf3 g6 2. d4 Bg7 3. Bf4 c5 4. c3 cxd4 5. cxd4 d6 6. e3 Qa5+ 7. Qd2 Qb6 8.
Nc3 Nf6 9. h3 O-O 10. Be2 Bf5 11. O-O Rd8 12. Bg5 Qa5 13. Bxf6 Bxf6 14. e4 Bd7
15. Nd5 Qxd2 16. Nxf6+ exf6 17. Nxd2 f5 18. d5 fxe4 19. Nxe4 Bf5 20. Nc3 g5 21.
f4 gxf4 22. Rxf4 Bg6 23. g4 Nd7 24. h4 f6 25. Nb5 Bf7 26. Nc7 Rac8 27. Ne6 Re8
28. Bb5 Re7 29. Bxd7 Rxd7 30. Rxf6 Rc2 31. Rf2 Rc4 32. Rf4 Rc2 33. Rf2 Rc4 34.
Rg2 Bxe6 35. dxe6 Re7 36. Re1 d5 37. Re5 h6 38. g5 h5 39. g6 Rxh4 40. Rxd5 Rg4
41. Rxg4 hxg4 42. Rd8+ 1-0

[Event "28th WSCC2018 - Open 65+"]
[Site "Bled"]
[Date "2018.11.28"]
[Round "10.78"]
[White "Dalling, Peter"]
[Black "Bregoszewski, Leon"]
[Result "1-0"]
[WhiteElo "1811"]
[BlackElo "1632"]
[PlyCount "89"]
[EventDate "2018.11.18"]

1. e4 d5 2. Nf3 dxe4 3. Ng5 Nf6 4. d3 exd3 5. Bxd3 h6 6. Nxf7 Kxf7 7. Bg6+ Kxg6
8. Qxd8 Bd7 9. Qxc7 Bc6 10. Nc3 Na6 11. Qg3+ Kf7 12. a3 e5 13. Be3 Bd6 14. f3
Rhe8 15. O-O b6 16. Rad1 Bc7 17. Ne4 Re6 18. b4 Bb5 19. Rfe1 Rae8 20. Qf2 Bc4
21. Kh1 Nd5 22. Nd2 Nxe3 23. Qxe3 Bd5 24. c4 Bb7 25. Ne4 Nb8 26. b5 R8e7 27. c5
bxc5 28. Qxc5 Bb6 29. Qb4 Kg8 30. Nc5 a5 31. bxa6 Nxa6 32. Nxa6 Bxa6 33. Qb3
Kh8 34. Rb1 Bd4 35. Qd5 g5 36. Qe4 Kg7 37. a4 Rd6 38. h3 Bf2 39. Red1 Rde6 40.
Rb8 Bd4 41. Qa8 Kg6 42. Rg8+ Rg7 43. Qe4+ Kf6 44. Rxg7 Kxg7 45. Rxd4 1-0

[Event "28th WSCC2018 - Open 65+"]
[Site "Bled"]
[Date "2018.11.28"]
[Round "10.79"]
[White "Dvorsky, David"]
[Black "Turegano Moratalla, Santiago"]
[Result "0-1"]
[WhiteElo "1345"]
[BlackElo "1808"]
[Annotator "uporabnik"]
[PlyCount "58"]
[EventDate "2018.11.18"]

1. e4 c5 2. Nc3 e6 3. g3 d5 4. exd5 exd5 5. d4 Nf6 6. Bg2 cxd4 7. Qxd4 Nc6 8.
Qe3+ Be6 9. Qe2 Bb4 10. Bd2 O-O 11. Nf3 Bg4 12. O-O Re8 13. Qd1 Qd7 14. Ne2 Bc5
15. Nf4 Ne4 16. Nd3 Bb6 17. Qc1 Qf5 18. Nh4 Qh5 19. Nf4 Qe5 20. Bxe4 dxe4 21.
Bc3 Bd4 22. Bxd4 Nxd4 23. h3 Bxh3 24. Nhg2 g5 25. c3 Nf3+ 26. Kh1 gxf4 27. gxf4
Qh5 28. Nh4 Qxh4 29. Rg1+ Bg4+ 0-1

[Event "28th WSCC2018 - Open 65+"]
[Site "Bled"]
[Date "2018.11.28"]
[Round "10.80"]
[White "Bobbia, Mario"]
[Black "Vlajkov, Milenko"]
[Result "0-1"]
[WhiteElo "1790"]
[BlackElo "1530"]
[PlyCount "94"]
[EventDate "2018.11.18"]

1. e4 e5 2. Nf3 d6 3. d4 exd4 4. Nxd4 Bd7 5. Nc3 Nf6 6. Be2 Nc6 7. Nxc6 Bxc6 8.
Bf3 Be7 9. O-O O-O 10. Nd5 Nxd5 11. exd5 Bb5 12. Re1 Bf6 13. c3 Re8 14. Bf4 Be5
15. Qd2 Qf6 16. Bg5 Qf5 17. h3 h6 18. Be3 Qg6 19. Be2 Bd7 20. Bd3 Bf5 21. Bxf5
Qxf5 22. f4 Bf6 23. g4 Qe4 24. Bf2 Qf3 25. Kh2 g5 26. Bg3 Re4 27. Rxe4 Qxe4 28.
Re1 Qc4 29. a3 Kg7 30. Re2 c6 31. dxc6 bxc6 32. Qe3 Rd8 33. f5 Rd7 34. Qe8 Rd8
35. Qe4 Qxe4 36. Rxe4 d5 37. Re2 c5 38. Kg2 d4 39. cxd4 cxd4 40. Be5 d3 41.
Bxf6+ Kxf6 42. Rd2 Ke5 43. Kf3 Kd4 44. Kf2 Re8 45. Kf3 Re3+ 46. Kg2 Ke4 47. Rf2
Re2 0-1

[Event "28th WSCC2018 - Open 65+"]
[Site "Bled"]
[Date "2018.11.28"]
[Round "10.81"]
[White "Haupt, Joachim"]
[Black "Zharokov, Biket"]
[Result "0-1"]
[WhiteElo "1748"]
[BlackElo "1629"]
[Annotator "uporabnik"]
[PlyCount "86"]
[EventDate "2018.11.18"]

1. Nf3 c5 2. c4 e6 3. Nc3 a6 4. g3 Nc6 5. Bg2 Qc7 6. O-O Be7 7. d3 Nf6 8. a3 b6
9. Rb1 Bb7 10. Bd2 Rd8 11. Qc2 h5 12. e4 Ng4 13. Ne2 h4 14. h3 Nge5 15. Nxe5
Nxe5 16. f4 Nc6 17. g4 g6 18. Bc3 Rg8 19. Bd2 f5 20. g5 b5 21. b3 b4 22. a4 Kf7
23. Qb2 Bf8 24. Be3 Bg7 25. Qd2 d6 26. d4 Ne7 27. d5 e5 28. fxe5 Bxe5 29. Nf4
Bc8 30. Nd3 Bc3 31. Qe2 Kg7 32. Bf4 fxe4 33. Bxe4 Bxh3 34. Bg2 Bc8 35. Rbd1 Nf5
36. Kh2 Rde8 37. Qf2 Rgf8 38. Nxc5 Qxc5 39. Qxc5 dxc5 40. d6 Bd7 41. Rd5 Bd4
42. Bd2 a5 43. Bf3 Ng3 0-1

[Event "28th WSCC2018 - Open 65+"]
[Site "Bled"]
[Date "2018.11.28"]
[Round "10.82"]
[White "Zybura, Andre"]
[Black "Booth, Anthony"]
[Result "1-0"]
[WhiteElo "1863"]
[BlackElo "1648"]
[Annotator "uporabnik"]
[PlyCount "79"]
[EventDate "2018.11.18"]

1. e4 c5 2. d4 cxd4 3. c3 d6 4. Nf3 g6 5. Bc4 Bg7 6. O-O Nf6 7. e5 dxe5 8. Nxe5
Nd5 9. cxd4 O-O 10. Nc3 e6 11. Qb3 Nb6 12. Be3 Nc6 13. Nxc6 bxc6 14. Rfd1 Nxc4
15. Qxc4 Bb7 16. Rac1 Rc8 17. Ne4 Qd5 18. Nc5 Ba8 19. Qa4 Rfd8 20. h3 Rb8 21.
b4 Bf8 22. a3 Bd6 23. Qxa7 Bxc5 24. Rxc5 Qb3 25. Rdc1 Rb7 26. Qa6 Rbd7 27. Bg5
Rxd4 28. Bxd8 Rxd8 29. Qb6 Rd1+ 30. Rxd1 Qxd1+ 31. Kh2 Qd6+ 32. g3 Kg7 33. Ra5
Bb7 34. Qxb7 Qd4 35. Qa7 e5 36. Qxd4 exd4 37. Kg2 f5 38. f4 Kf7 39. Kf3 Ke6 40.
Ke2 1-0

[Event "28th WSCC2018 - Open 65+"]
[Site "Bled"]
[Date "2018.11.28"]
[Round "10.83"]
[White "Benggawan, Undriadi"]
[Black "Freeke, Kees"]
[Result "1-0"]
[WhiteElo "1594"]
[BlackElo "1750"]
[PlyCount "73"]
[EventDate "2018.11.18"]

1. d4 e6 2. Nf3 f5 3. Bg5 Be7 4. h4 Nf6 5. e3 b6 6. Bc4 d5 7. Bd3 Bb7 8. Qe2
O-O 9. Nbd2 c5 10. c3 Nc6 11. O-O-O Ne4 12. Bxe7 Qxe7 13. Rdg1 Nxd2 14. Kxd2 e5
15. dxe5 Nxe5 16. Bc2 Nxf3+ 17. gxf3 Rad8 18. Kc1 d4 19. Rh3 Bd5 20. c4 Bb7 21.
f4 Be4 22. exd4 Qd6 23. d5 Qxf4+ 24. Kb1 Bxc2+ 25. Qxc2 Rd6 26. h5 Kf7 27. Rhg3
g6 28. hxg6+ hxg6 29. Re3 Qd4 30. Rge1 Rh8 31. Qe2 Qf6 32. Re7+ Kg8 33. Rxa7
Rh5 34. Qe8+ Qf8 35. Ree7 Rf6 36. Qd7 f4 37. Re8 1-0

[Event "28th WSCC2018 - Open 65+"]
[Site "Bled"]
[Date "2018.11.28"]
[Round "10.84"]
[White "Filzmaier, Bruno"]
[Black "Lie, Terje"]
[Result "1/2-1/2"]
[WhiteElo "1727"]
[BlackElo "1534"]
[Annotator "uporabnik"]
[PlyCount "67"]
[EventDate "2018.11.18"]

1. a3 Nf6 2. d4 d5 3. e3 e6 4. Nf3 c5 5. dxc5 Bxc5 6. b4 Be7 7. Bb2 O-O 8. Be2
Nc6 9. O-O a6 10. c4 dxc4 11. Bxc4 Qc7 12. Nbd2 b5 13. Be2 Bb7 14. Rc1 Rac8 15.
Nd4 Qd7 16. Bf3 Nxd4 17. Bxd4 Rxc1 18. Qxc1 Rc8 19. Qb2 Bxf3 20. Nxf3 Qc7 21.
g3 Qc2 22. Rb1 Qxb2 23. Bxb2 Nd5 24. Kf1 Nb6 25. Nd2 f6 26. Ke2 Kf7 27. Rc1 g6
28. Rxc8 Nxc8 29. Kd3 e5 30. g4 Ke6 31. f4 Nd6 32. Bc3 exf4 33. exf4 Kd5 34.
Bd4 {...} 1/2-1/2

[Event "28th WSCC2018 - Open 65+"]
[Site "Bled"]
[Date "2018.11.28"]
[Round "10.85"]
[White "Bratteteig, Tore-Inge"]
[Black "Barzilay, Marianne"]
[Result "1/2-1/2"]
[WhiteElo "1592"]
[BlackElo "1493"]
[PlyCount "29"]
[EventDate "2018.11.18"]

1. Nf3 Nf6 2. b3 b6 3. g3 Bb7 4. Bg2 d6 5. O-O Nbd7 6. d4 c5 7. c4 cxd4 8. Nxd4
Bxg2 9. Kxg2 Rc8 10. Nd2 e6 11. Bb2 Be7 12. e3 Nc5 13. Qe2 Qd7 14. f3 h5 15. h4
1/2-1/2

[Event "28th WSCC2018 - Open 65+"]
[Site "Bled"]
[Date "2018.11.28"]
[Round "10.86"]
[White "Ostrowski, Michal"]
[Black "Lee, Wing Kin"]
[Result "1/2-1/2"]
[WhiteElo "1187"]
[BlackElo "1156"]
[PlyCount "113"]
[EventDate "2018.11.18"]

1. Nc3 d5 2. d4 Nf6 3. Nf3 Bf5 4. Nh4 Bg6 5. e3 Nc6 6. Nxg6 hxg6 7. Bb5 Qd6 8.
h3 a6 9. Be2 e6 10. Bf3 Qd7 11. a3 g5 12. Qd3 g4 13. Be2 gxh3 14. g3 O-O-O 15.
Bd2 Na5 16. O-O-O Nc4 17. Nb1 Ne4 18. Be1 h2 19. f3 Nf6 20. b4 Re8 21. Qb3 Nb6
22. g4 Bd6 23. Nd2 Nh7 24. f4 Nf6 25. g5 Ne4 26. Nf3 f6 27. gxf6 gxf6 28. Rxh2
Rxh2 29. Nxh2 Rg8 30. Nf1 f5 31. Bd3 Na4 32. b5 Nac5 33. dxc5 Nxc5 34. Qb1
Nxd3+ 35. Rxd3 axb5 36. Bb4 Rg1 37. Rd1 c5 38. Ba5 b4 39. axb4 Qb5 40. Nd2
Rxd1+ 41. Kxd1 cxb4 42. Bxb4 Qxb4 43. Qxb4 Bxb4 44. Nb3 Kc7 45. Ke2 b5 46. Nd4
Kd7 47. Nxb5 Bc5 48. Kd3 Kc6 49. Nd4+ Kd7 50. Nf3 Bb6 51. Ne5+ Ke7 52. c4 dxc4+
53. Nxc4 Bc5 54. Ne5 Bb6 55. Nc4 Bc5 56. e4 fxe4+ 57. Kxe4 1/2-1/2

[Event "28th WSCC2018 - Open 65+"]
[Site "Bled"]
[Date "2018.11.28"]
[Round "10.87"]
[White "Baumgarten, Werner"]
[Black "Tveten, Per"]
[Result "1-0"]
[WhiteElo "1872"]
[BlackElo "1500"]
[PlyCount "93"]
[EventDate "2018.11.18"]

1. c4 c5 2. Nc3 Nf6 3. e4 e5 4. d3 d6 5. Be2 g6 6. f4 Nc6 7. Nf3 Nd4 8. fxe5
Nxf3+ 9. Bxf3 dxe5 10. O-O Bg7 11. Bg5 O-O 12. Nd5 Be6 13. Qd2 Bxd5 14. exd5
Qd6 15. Rae1 Rfe8 16. g4 Nd7 17. Be4 f6 18. Be3 b6 19. Rf3 Nf8 20. Rh3 g5 21.
Rf1 Re7 22. Rh5 Ng6 23. Bf5 Nf8 24. Qg2 h6 25. Qh3 Rb8 26. b3 Rbb7 27. Be4 Kf7
28. Rxh6 Bxh6 29. Qxh6 Ke8 30. Rxf6 Ne6 31. Qh8+ Kd7 32. Bf5 Kc7 33. Rxe6 Rxe6
34. Bxe6 Qd8 35. Qxe5+ Qd6 36. Qxg5 b5 37. Bf4 bxc4 38. Qe7+ Kb6 39. Qxd6+ Kb5
40. dxc4+ Kb4 41. Bd2+ Ka3 42. Qa6+ Kb2 43. Qxb7 Kxa2 44. Bc3 a5 45. Bf5 a4 46.
bxa4 Ka3 47. Qb2+ 1-0